[Event "Lleida-ch U16"]
[Site "Vilanova de Segria"]
[Date "2012.02.18"]
[Round "6.5"]
[White "Ferran Rodriguez, Hector"]
[Black "Carnice Caldero, Guillem"]
[Result "1/2-1/2"]
[WhiteElo "1704"]
[BlackElo "1738"]
[PlyCount "109"]
[EventDate "2012.01.14"]
[EventType "swiss"]
[EventRounds "6"]
[EventCountry "ESP"]
[SourceTitle "EXT 2024"]
[Source "ChessBase"]
[SourceDate "2023.10.10"]
[SourceVersion "1"]
[SourceVersionDate "2023.10.10"]
[SourceQuality "1"]

1. c4 Nf6 2. Nc3 e6 3. Nf3 Bb4 4. e3 Bxc3 5. bxc3 0-0 6. Ba3 Re8 7. Be2 b6 8. 0-0 c5 9. Ne5 Bb7 10. Bf3 Qc7 11. Bxb7 Qxb7 12. f3 d6 13. Nd3 Qa6 14. Qb3 Nc6 15. Nf2 Na5 16. Qb5 Qxb5 17. cxb5 Nc4 18. Bc1 d5 19. d3 Nd6 20. a4 Nf5 21. e4 Nd6 22. e5 Nxb5 23. exf6 Nxc3 24. fxg7 Kxg7 25. Bb2 d4 26. Bxc3 dxc3 27. Ne4 Red8 28. Rfd1 Rd4 29. Nxc3 Rad8 30. Nb5 Rxd3 31. Rxd3 Rxd3 32. Nxa7 Rb3 33. h3 Kf6 34. Re1 Ra3 35. Nc8 Rb3 36. Kf2 b5 37. axb5 Rxb5 38. Re4 Rb8 39. Nd6 Ke7 40. Nf5+ Kd7 41. Nh6 f5 42. Rc4 Kc6 43. Ke3 Kd5 44. Kd3 Rb2 45. g4 Rb3+ 46. Rc3 Rxc3+ 47. Kxc3 fxg4 48. Nxg4 e5 49. Ne3+ Kd6 50. Kc4 Ke6 51. h4 e4 52. fxe4 Ke5 53. Kxc5 Kxe4 54. Nd5 Kf5 55. Ne3+ 1/2-1/2

[Event "Lleida-ch U16"]
[Site "Vilanova de Segria"]
[Date "2012.01.28"]
[Round "3.5"]
[White "Carnice Caldero, Guillem"]
[Black "Trota Donisa, Gerard"]
[Result "1/2-1/2"]
[WhiteElo "1738"]
[BlackElo "1700"]
[PlyCount "20"]
[EventDate "2012.01.14"]
[EventType "swiss"]
[EventRounds "6"]
[EventCountry "ESP"]
[SourceTitle "EXT 2024"]
[Source "ChessBase"]
[SourceDate "2023.10.10"]
[SourceVersion "1"]
[SourceVersionDate "2023.10.10"]
[SourceQuality "1"]

1. Nf3 c5 2. c4 Nc6 3. g3 g6 4. Bg2 Bg7 5. Nc3 Nf6 6. e3 e6 7. 0-0 0-0 8. d4 d5 9. cxd5 Nxd4 10. Nxd4 Nxd5 1/2-1/2

[Event "Lleida-ch U16"]
[Site "Vilanova de Segria"]
[Date "2012.01.21"]
[Round "2.4"]
[White "Solani Nunez, Joel"]
[Black "Carnice Caldero, Guillem"]
[Result "1-0"]
[WhiteElo "1662"]
[BlackElo "1738"]
[PlyCount "87"]
[EventDate "2012.01.14"]
[EventType "swiss"]
[EventRounds "6"]
[EventCountry "ESP"]
[SourceTitle "EXT 2024"]
[Source "ChessBase"]
[SourceDate "2023.10.10"]
[SourceVersion "1"]
[SourceVersionDate "2023.10.10"]
[SourceQuality "1"]

1. e4 d5 2. exd5 Qxd5 3. Nc3 Qa5 4. Nf3 Nf6 5. d3 e5 6. Bd2 Bb4 7. a3 Bd6 8. Be2 c5 9. 0-0 Qc7 10. Nb5 Qd7 11. Nxd6+ Qxd6 12. Re1 0-0 13. Bc3 Nc6 14. b3 b6 15. Ng5 h6 16. Ne4 Nxe4 17. dxe4 Qg6 18. Bc4 Bb7 19. Bd5 Rad8 20. Qf3 Rfe8 21. Rad1 Rd7 22. Qf5 Qxf5 23. exf5 Nd4 24. Bxd4 cxd4 25. Bxb7 Rxb7 26. Rxd4 f6 27. f4 Kf7 28. Rde4 Rbe7 29. Kf2 exf4 30. Rxe7+ Rxe7 31. Rxe7+ Kxe7 32. Kf3 Kd6 33. Kxf4 h5 34. h3 Kd5 35. g3 a5 36. a4 Kc5 37. Ke4 Kd6 38. Kd4 Kc6 39. g4 Kd6 40. b4 Kc6 41. Kc4 b5+ 42. axb5+ Kb6 43. bxa5+ Kxa5 44. Kc5 1-0